[Event "100 Jahre Schvgg Blankenese - Open 2023"]
[Site "Lise-Meitner-Gymnasium (HH)"]
[Date "2023.10.03"]
[Round "7.32"]
[White "Smith, Tobias"]
[Black "Khattar, Ranvir Singh"]
[Result "1/2-1/2"]
[WhiteElo "1696"]
[BlackElo "1211"]
[PlyCount "53"]
[EventDate "2023.09.30"]
[EventType "swiss"]
[EventRounds "7"]
[WhiteTeam "TSG Oberschöneweide e.V."]
[BlackTeam "SK Wilhelmsburg 1936 eV"]

1. d4 d5 2. c4 e6 3. Nc3 Nf6 4. cxd5 exd5 5. Bg5 Be7 6. e3 O-O 7. Bd3 h6 8. Bh4
c6 9. Qc2 Be6 10. Nf3 Nbd7 11. O-O Rc8 12. Rfd1 c5 13. Bf5 Bxf5 14. Qxf5 Nb6
15. dxc5 Rxc5 16. Bxf6 Bxf6 17. Ne4 Rc6 18. Nxf6+ Rxf6 19. Qd3 Rd6 20. b3 Re8
21. Nd4 a6 22. Nf5 Rd7 23. Qd4 Qg5 24. g4 Re6 25. h4 Qg6 26. Ng3 Re4 27. Qc5
1/2-1/2

[Event "100 Jahre Schvgg Blankenese - Open 2023"]
[Site "Lise-Meitner-Gymnasium (HH)"]
[Date "2023.10.03"]
[Round "7.33"]
[White "Kalkowski, Andreas"]
[Black "Strohschän, Michel"]
[Result "0-1"]
[WhiteElo "1458"]
[BlackElo "1694"]
[PlyCount "56"]
[EventDate "2023.09.30"]
[EventType "swiss"]
[EventRounds "7"]
[WhiteTeam "Königsspr. SC.1984 e.V."]
[BlackTeam "HSK Lister Turm"]

1. d4 d5 2. c4 e6 3. Nf3 Nf6 4. e3 c5 5. cxd5 exd5 6. Nc3 Nc6 7. a3 Bg4 8. Be2
Bd6 9. dxc5 Bxc5 10. b4 Bb6 11. O-O O-O 12. Bb2 Bxf3 13. Bxf3 d4 14. Bxc6 dxc3
15. Bxc3 bxc6 16. Qf3 Qd5 17. Qe2 Qe6 18. h3 Bc7 19. Bd4 Be5 20. Rad1 Bxd4 21.
Rxd4 Rfd8 22. Rc4 Rd6 23. Rfc1 Rad8 24. Qf3 Nd5 25. Rc5 Ne7 26. e4 g6 27. g4
Rd3 28. Qg2 Rd1+ 0-1

[Event "100 Jahre Schvgg Blankenese - Open 2023"]
[Site "Lise-Meitner-Gymnasium (HH)"]
[Date "2023.10.03"]
[Round "7.34"]
[White "Lohmann, Rene"]
[Black "Borgert, Alexander"]
[Result "1/2-1/2"]
[WhiteElo "1496"]
[BlackElo "1675"]
[PlyCount "31"]
[EventDate "2023.09.30"]
[EventType "swiss"]
[EventRounds "7"]
[WhiteTeam "SK Wilhelmsburg 1936 eV"]
[BlackTeam "Hamburger SK von 1830 eV"]

1. d4 d5 2. c4 e6 3. Nc3 Nf6 4. cxd5 exd5 5. Bg5 Nbd7 6. e3 c6 7. Bd3 Bd6 8.
Qc2 h6 9. Bh4 Qc7 10. Bg3 Bxg3 11. hxg3 Nb6 12. Nce2 Qe7 13. Nf3 Bg4 14. Ne5
Bxe2 15. Qxe2 Nfd7 16. Nxd7 1/2-1/2

[Event "100 Jahre Schvgg Blankenese - Open 2023"]
[Site "Lise-Meitner-Gymnasium (HH)"]
[Date "2023.10.03"]
[Round "7.35"]
[White "Baumann, Simon"]
[Black "Wang, Kaiwen"]
[Result "1/2-1/2"]
[WhiteElo "1379"]
[BlackElo "1558"]
[PlyCount "130"]
[EventDate "2023.09.30"]
[EventType "swiss"]
[EventRounds "7"]
[WhiteTeam "HSK Lister Turm"]
[BlackTeam "Hamburger SK von 1830 eV"]

1. e4 e5 2. Nf3 Nc6 3. Bc4 Bc5 4. d3 Nf6 5. Nc3 a6 6. Bg5 h6 7. Be3 Bxe3 8.
fxe3 d6 9. Qe2 Na5 10. Bb3 Nxb3 11. axb3 Be6 12. O-O O-O 13. Qe1 c6 14. Qg3 Qb6
15. Nxe5 Nh5 16. Qf3 dxe5 17. Qxh5 Qxe3+ 18. Kh1 f6 19. Rae1 Qg5 20. Qf3 Rf7
21. Na4 Rc7 22. Qf2 Re8 23. Qb6 Ree7 24. Nc5 Bf7 25. Qa5 Kh7 26. Rf5 Qh4 27.
Qd2 Bg6 28. Rff1 Qg5 29. Qa5 Rc8 30. Qb4 Rcc7 31. Qa5 Qg4 32. h3 Qc8 33. Na4
Qd8 34. Qb4 Rf7 35. g4 Qe7 36. Qxe7 Rfxe7 37. Nc5 Rc8 38. Rf2 Be8 39. Ref1 Ra8
40. Ra1 Bf7 41. Kg2 Be6 42. Nxe6 Rxe6 43. Raf1 Rae8 44. Kg3 c5 45. h4 Kg8 46.
Rf5 R6e7 47. g5 fxg5 48. hxg5 hxg5 49. Kg4 g6 50. Rf6 Re6 51. Kxg5 R8e7 52.
Rxg6+ Rxg6+ 53. Kxg6 Rg7+ 54. Kh5 Rg2 55. Rc1 Kf7 56. Kh4 Ke6 57. Kh3 Rf2 58.
Kg3 Rd2 59. Kf3 Rh2 60. Ke3 Rg2 61. Kf3 Rh2 62. Kg4 Rg2+ 63. Kf3 Rh2 64. Ke3
Rg2 65. Kf3 Rh2 1/2-1/2

[Event "100 Jahre Schvgg Blankenese - Open 2023"]
[Site "Lise-Meitner-Gymnasium (HH)"]
[Date "2023.10.03"]
[Round "7.36"]
[White "Karlinder, Lovis Neo"]
[Black "Reich, Kristina"]
[Result "1/2-1/2"]
[WhiteElo "1269"]
[BlackElo "1529"]
[PlyCount "65"]
[EventDate "2023.09.30"]
[EventType "swiss"]
[EventRounds "7"]
[WhiteTeam "Schleswiger SV von 1919"]
[BlackTeam "Hamburger SK von 1830 eV"]

1. e4 c5 2. d4 cxd4 3. c3 Nc6 4. cxd4 e6 5. Nc3 Bb4 6. Nf3 Nf6 7. Qc2 Qb6 8.
Be3 d5 9. exd5 Nxd5 10. Bc4 Nxe3 11. fxe3 O-O 12. O-O Qc7 13. a3 Bxc3 14. bxc3
Ne7 15. Bd3 g6 16. Qd2 Nd5 17. c4 Nf6 18. e4 b6 19. Qh6 Ng4 20. Qg5 f5 21. exf5
exf5 22. h3 Nf6 23. Rfe1 Qd8 24. Qd2 Bb7 25. Be2 Ne4 26. Qd3 Ng3 27. Kh2 Qd6
28. Ne5 Nxe2 29. Rxe2 Be4 30. Qc3 Rad8 31. Rd1 Rfe8 32. Rdd2 Kg7 33. Qb4
1/2-1/2

[Event "100 Jahre Schvgg Blankenese - Open 2023"]
[Site "Lise-Meitner-Gymnasium (HH)"]
[Date "2023.10.03"]
[Round "7.37"]
[White "Klaeke, Gregor"]
[Black "Reinecke, Gerd"]
[Result "1/2-1/2"]
[WhiteElo "1482"]
[BlackElo "1322"]
[PlyCount "68"]
[EventDate "2023.09.30"]
[EventType "swiss"]
[EventRounds "7"]
[WhiteTeam "Niendorfer TSV 1919 SAbt"]
[BlackTeam "SchVgg Blankenese von 1923 e.V."]

1. e4 d5 2. exd5 Qxd5 3. Nc3 Qd6 4. d4 Nf6 5. Nf3 c6 6. h3 Bf5 7. Bd3 Bxd3 8.
Qxd3 e6 9. Ne5 Be7 10. O-O O-O 11. Bf4 Qd8 12. Rad1 Nd5 13. Nxd5 cxd5 14. Qb5
Qc8 15. Rd3 a6 16. Qb3 Nc6 17. Rc3 f6 18. Nf3 Qd7 19. a3 b5 20. Re3 Na5 21. Qa2
Bd6 22. Bxd6 Qxd6 23. c3 Rfe8 24. Nd2 Kf8 25. Rf3 e5 26. dxe5 Rxe5 27. Rd3 Nc4
28. Nf3 Re2 29. Rb1 Rae8 30. Rdd1 Qf4 31. Qb3 Nd2 32. Rxd2 Rxd2 33. Nxd2 Qxd2
34. Qd1 Re2 1/2-1/2

[Event "100 Jahre Schvgg Blankenese - Open 2023"]
[Site "Lise-Meitner-Gymnasium (HH)"]
[Date "2023.10.03"]
[Round "7.38"]
[White "Pavlov, Dmitriy"]
[Black "von Flottwell, Lionel"]
[Result "1-0"]
[WhiteElo "1474"]
[BlackElo "1265"]
[PlyCount "135"]
[EventDate "2023.09.30"]
[EventType "swiss"]
[EventRounds "7"]
[WhiteTeam "SV Eidelstedt"]
[BlackTeam "SK Wilhelmsburg 1936 eV"]

1. e4 e5 2. Nf3 Nc6 3. Bc4 Nf6 4. Ng5 d5 5. exd5 Na5 6. Bb5+ c6 7. dxc6 bxc6 8.
Be2 h6 9. Nh3 Be7 10. d3 Be6 11. Nc3 Bb4 12. Bd2 Bxc3 13. Bxc3 Qd5 14. Bf3 e4
15. dxe4 Nxe4 16. Qxd5 Bxd5 17. Bxe4 Bxe4 18. O-O O-O 19. Bxa5 f5 20. Rac1 Rf6
21. f3 Bd5 22. Bc3 Rf7 23. a3 g5 24. Nf2 a5 25. Nd3 Bc4 26. Ne5 Bxf1 27. Nxf7
Kxf7 28. Kxf1 a4 29. Re1 f4 30. Kf2 Rd8 31. g3 fxg3+ 32. hxg3 c5 33. Re5 Re8
34. Rf5+ Kg6 35. Rf6+ Kh7 36. Rf7+ Kg8 37. Rg7+ Kf8 38. Rg6 Re7 39. Rxh6 Rf7
40. Rg6 Rh7 41. Rxg5 Rh2+ 42. Ke3 Rxc2 43. Rxc5 Rg2 44. g4 Kf7 45. Ra5 Kg6 46.
Rxa4 Kg5 47. Ra5+ Kg6 48. Rd5 Rh2 49. Rd2 Rh7 50. Rd6+ Kg5 51. Bf6+ Kg6 52.
Bh4+ Kf7 53. Rd7+ Kg6 54. Rxh7 Kxh7 55. a4 Kg7 56. a5 Kf7 57. a6 Ke6 58. a7 Kd5
59. a8=Q+ Kd6 60. g5 Ke6 61. Qe8+ Kd6 62. g6 Kc5 63. g7 Kb4 64. g8=Q Ka5 65.
Qd5+ Kb6 66. Qee6+ Kc7 67. Qdd7+ Kb8 68. Qee8# 1-0

[Event "100 Jahre Schvgg Blankenese - Open 2023"]
[Site "Lise-Meitner-Gymnasium (HH)"]
[Date "2023.10.03"]
[Round "7.39"]
[White "Remizov, Kyryl"]
[Black "Braren, Ove Neelis"]
[Result "1/2-1/2"]
[WhiteElo "1312"]
[BlackElo "1365"]
[PlyCount "122"]
[EventDate "2023.09.30"]
[EventType "swiss"]
[EventRounds "7"]
[WhiteTeam "Stader SV"]
[BlackTeam "Königsspr. SC.1984 e.V."]

1. d4 d5 2. Bf4 Nf6 3. Nf3 e6 4. e3 Bd6 5. Bxd6 Qxd6 6. c4 O-O 7. Nc3 c6 8.
cxd5 exd5 9. Bd3 Re8 10. O-O Bg4 11. h3 Bh5 12. Be2 Nbd7 13. Nd2 Bg6 14. Nb3
Ne4 15. Nxe4 Bxe4 16. Bg4 Nf6 17. Bf3 Re7 18. Nc5 Rae8 19. Rc1 Bxf3 20. Qxf3
Ne4 21. Nxe4 Rxe4 22. g3 Qb4 23. b3 Qa3 24. Rc2 Qd6 25. Kg2 Qg6 26. Rh1 Rxe3
27. Rxc6 bxc6 28. fxe3 Qc2+ 29. Qf2 Qe4+ 30. Qf3 Qxe3 31. Qxe3 Rxe3 32. Rc1 Re6
33. Rc5 Kf8 34. Kf3 Ke8 35. b4 Re4 36. b5 Rxd4 37. Rxc6 Ra4 38. Rc5 Rxa2 39.
Rxd5 Ra5 40. Ke4 a6 41. bxa6 Rxa6 42. h4 Re6+ 43. Kf4 Ke7 44. g4 f6 45. Ra5 Kf7
46. Rf5 Rb6 47. Ke4 Rb4+ 48. Kf3 h6 49. Rc5 Rb7 50. Kf4 Rb4+ 51. Kf3 Rb7 52.
Ke4 Rd7 53. Ke3 Ke6 54. Ke4 g5 55. h5 Kf7 56. Kf5 Re7 57. Rd5 Rc7 58. Ra5 Re7
59. Rb5 Rd7 60. Ra5 Rb7 61. Rc5 Re7 1/2-1/2

[Event "100 Jahre Schvgg Blankenese - Open 2023"]
[Site "Lise-Meitner-Gymnasium (HH)"]
[Date "2023.10.03"]
[Round "7.40"]
[White "Frackowiak, Stanislaw"]
[Black "Krüger, Dietrich"]
[Result "1-0"]
[WhiteElo "1441"]
[BlackElo "978"]
[PlyCount "109"]
[EventDate "2023.09.30"]
[EventType "swiss"]
[EventRounds "7"]
[WhiteTeam "Hamburger SK von 1830 eV"]
[BlackTeam "Barmbeker SK 1926 eV"]

1. d4 d5 2. Nf3 c6 3. e3 Bf5 4. Bd3 Bg6 5. Nbd2 f5 6. O-O e6 7. Ne5 Bd6 8. f4
Nf6 9. c4 Nbd7 10. Ndf3 Bxe5 11. dxe5 Ne4 12. cxd5 exd5 13. Bxe4 fxe4 14. Nd4
Bf7 15. b3 O-O 16. e6 Nf6 17. exf7+ Rxf7 18. b4 h5 19. Bb2 Ng4 20. Qe1 a5 21.
a3 Qb6 22. h3 Nf6 23. Qc3 Rc7 24. Ne6 Rcc8 25. Nxg7 d4 26. Qxd4 Qxd4 27. Bxd4
Kxg7 28. g4 Kf7 29. Bxf6 Kxf6 30. g5+ Kf5 31. Rac1 b6 32. Rfd1 axb4 33. axb4
Ra3 34. Kf2 c5 35. Rd5+ Ke6 36. Re5+ Kf7 37. Rxe4 Ra4 38. Rcc4 Rxb4 39. Rxb4
cxb4 40. Rxb4 Rc6 41. Rb5 Rg6 42. Re5 Rc6 43. Kf3 Kg6 44. f5+ Kf7 45. Kf4 Rc4+
46. e4 Rc5 47. g6+ Kg7 48. Rxc5 bxc5 49. Ke5 Kf8 50. Kd5 Kg7 51. Kxc5 Kf6 52.
Kd6 Kg7 53. e5 Kf8 54. e6 Kg7 55. Kd7 1-0

[Event "100 Jahre Schvgg Blankenese - Open 2023"]
[Site "Lise-Meitner-Gymnasium (HH)"]
[Date "2023.10.03"]
[Round "7.42"]
[White "Altun, Mohamed"]
[Black "Bauta, Luan"]
[Result "0-1"]
[WhiteElo "1243"]
[BlackElo "948"]
[PlyCount "66"]
[EventDate "2023.09.30"]
[EventType "swiss"]
[EventRounds "7"]
[WhiteTeam "Findorffer Sfr"]
[BlackTeam "Königsspr. SC.1984 e.V."]

1. e4 e5 2. Nf3 Nc6 3. Bc4 Nf6 4. Ng5 d5 5. exd5 Na5 6. Bb5+ c6 7. dxc6 bxc6 8.
Qf3 Bb7 9. Ba4 h6 10. Ne4 Be7 11. d3 O-O 12. Nxf6+ Bxf6 13. b4 e4 14. dxe4 Bxa1
15. O-O Nc4 16. Nd2 Nxd2 17. Bxd2 Qxd2 18. Rxa1 Qxb4 19. Bb3 c5 20. Qe2 Qxe4
21. Qxe4 Bxe4 22. Re1 Rad8 23. c3 Bd5 24. Bc2 Bxa2 25. h4 Ra8 26. Re5 a5 27. g4
a4 28. g5 h5 29. g6 fxg6 30. Re7 Bb3 31. Bxg6 a3 32. Re5 Bf7 33. Be4 Ra7 0-1

[Event "100 Jahre Schvgg Blankenese - Open 2023"]
[Site "Lise-Meitner-Gymnasium (HH)"]
[Date "2023.10.03"]
[Round "7.46"]
[White "Döpmann, Christoph"]
[Black "Lorenz, Felix"]
[Result "1-0"]
[WhiteElo "1505"]
[BlackElo "1225"]
[PlyCount "73"]
[EventDate "2023.09.30"]
[EventType "swiss"]
[EventRounds "7"]
[WhiteTeam "Schachfreunde Nordost Berlin"]
[BlackTeam "SF Wedel"]

1. e4 e5 2. Nf3 Nc6 3. Nc3 Nf6 4. d4 exd4 5. Nxd4 Bb4 6. Nxc6 bxc6 7. Bd3 O-O
8. Bd2 d5 9. exd5 Re8+ 10. Ne2 Bxd2+ 11. Qxd2 Qxd5 12. O-O c5 13. c4 Rxe2 14.
Qxe2 Qc6 15. Rad1 Bb7 16. f3 Re8 17. Qf2 g6 18. Rfe1 Nh5 19. Rxe8+ Qxe8 20. Re1
Qd8 21. Be4 Bc8 22. Bc6 Bd7 23. Rd1 Nf6 24. Bxd7 Ne8 25. Ba4 Nd6 26. Qxc5 Qb8
27. b4 Nb7 28. Qg5 Qc8 29. Qe7 c6 30. c5 a6 31. Bb3 Kg7 32. Qxf7+ Kh6 33. Rd7
Qh8 34. Qf4+ g5 35. Qd4 Qe8 36. Qg7+ Kh5 37. Qxh7# 1-0